000 00350nam a2200133Ia 4500
005 20260328101514.0
008 260328s9999||||xx |||||||||||||| ||und||
100 _aCastellano, Mimmo
245 0 _aLa Valle dei Trulli /
_cMimmo Castellano
260 _bLeonardo da Vinci Editrice
300 _a116 p.
650 _aARQUITECTURA VERNACULAR
942 _cBK
999 _c9306
_d9306